[Event "ch-city"]
[Site "Milanowek"]
[Date "2009.06.28"]
[Round "9.4"]
[White "Rozowski, Marcin"]
[Black "Alvarado, Carlos"]
[Result "1/2-1/2"]
[WhiteElo "1795"]
[BlackElo "2184"]
[PlyCount "129"]
[EventDate "2009.06.20"]
[EventRounds "9"]
[EventCountry "POL"]

1. e4 c5 2. Nf3 Nc6 3. Bb5 Qb6 4. Nc3 e6 5. O-O d6 6. d4 cxd4 7. Qxd4 Qxd4 8.
Nxd4 Bd7 9. Be3 Nf6 10. f3 a6 11. Be2 Ne5 12. Rfd1 Rc8 13. Rd2 Be7 14. a4 O-O
15. a5 Nc4 16. Bxc4 Rxc4 17. Nb3 Rfc8 18. Rad1 Ne8 19. Rd4 Bf6 20. Rxc4 Rxc4
21. Bd4 Bd8 22. Be3 e5 23. Kf2 f5 24. Bc5 Be7 25. Ba3 fxe4 26. Nd2 e3+ 27. Kxe3
Rh4 28. h3 Bg5+ 29. Ke2 Bd8 30. Nb3 Rh6 31. Ne4 Bb5+ 32. Ke3 Bc7 33. Bb4 Rg6
34. g3 Bc4 35. Nbd2 Be6 36. c4 Bb8 37. h4 Ba7+ 38. Ke2 Bd4 39. b3 d5 40. Ng5
dxc4 41. Nxe6 Rxe6 42. Nxc4 Nf6 43. g4 Nd5 44. Bd2 b5 45. axb6 Nxb6 46. Nxb6
Rxb6 47. b4 Re6 48. Be3 Bxe3 49. Kxe3 Rb6 50. Ra1 Kf7 51. Kd3 Ke6 52. Kc4 Rc6+
53. Kd3 h5 54. Ra2 hxg4 55. fxg4 Rd6+ 56. Ke3 Rb6 57. Ra4 Kd5 58. h5 Re6 59. g5
e4 60. Ra1 Kc4 61. Rh1 Kxb4 62. h6 gxh6 63. gxh6 Re8 64. h7 Rh8 65. Kxe4
1/2-1/2

[Event "ch-city"]
[Site "Milanowek"]
[Date "2009.06.28"]
[Round "9.5"]
[White "Goslawski, Michal"]
[Black "Staniak, Mariusz"]
[Result "1/2-1/2"]
[WhiteElo "1999"]
[BlackElo "1949"]
[PlyCount "171"]
[EventDate "2009.06.20"]
[EventRounds "9"]
[EventCountry "POL"]

1. d4 Nf6 2. c4 e6 3. g3 d5 4. Bg2 Bb4+ 5. Bd2 Be7 6. Qc2 O-O 7. Nf3 Nbd7 8.
O-O c6 9. b3 b6 10. Bc3 Ba6 11. Nbd2 Rc8 12. e4 c5 13. e5 Ne8 14. Rfd1 cxd4 15.
Bxd4 b5 16. Bxa7 bxc4 17. bxc4 Qa5 18. Be3 dxc4 19. Bf1 Nxe5 20. Nxe5 Qxe5 21.
Qa4 Qb5 22. Qxb5 Bxb5 23. Rab1 Ba4 24. Rdc1 c3 25. Nc4 c2 26. Rb7 Nd6 27. Rxe7
Nxc4 28. Ra7 Nxe3 29. Rxa4 Nxf1 30. Kxf1 Rfd8 31. Ke2 Rd5 32. Ke3 Kf8 33. Rd4
Rb5 34. a4 Rb2 35. a5 Ra2 36. Rd2 Rxa5 37. Rcxc2 Rxc2 38. Rxc2 Ke7 39. h4 Kf6
40. Rc3 h5 41. Rb3 Re5+ 42. Kf3 g5 43. hxg5+ Kxg5 44. Kg2 Rf5 45. Rb4 Rd5 46.
Ra4 e5 47. Rb4 Rd4 48. Rb5 f6 49. Ra5 h4 50. gxh4+ Kxh4 51. Ra3 Rg4+ 52. Kf1 e4
53. Ke2 f5 54. Ra5 Kg5 55. Rb5 Kf4 56. Ra5 Rg1 57. Ra2 Rb1 58. Rc2 Rb3 59. Ra2
Rb8 60. Rc2 Re8 61. Ra2 Kg4 62. Ra7 Re6 63. Rg7+ Kf4 64. Ra7 Rd6 65. Ra5 Re6
66. Ra7 Kg5 67. Ra3 f4 68. Ra5+ Kg4 69. Ra4 e3 70. fxe3 Rxe3+ 71. Kf2 Rb3 72.
Ra2 Rh3 73. Ra8 Rh2+ 74. Kg1 Rb2 75. Ra3 Re2 76. Kf1 Re4 77. Rb3 Ra4 78. Rc3
Ra2 79. Rb3 Ra1+ 80. Kf2 Rc1 81. Ra3 Rc4 82. Rb3 f3 83. Rb8 Rc2+ 84. Kf1 Kf4
85. Rf8+ Ke3 86. Re8+ 1/2-1/2

[Event "ch-city"]
[Site "Milanowek"]
[Date "2009.06.28"]
[Round "9.6"]
[White "Borowicz, Przemyslaw"]
[Black "Solnicki, Michal"]
[Result "1/2-1/2"]
[WhiteElo "1996"]
[BlackElo "1997"]
[PlyCount "131"]
[EventDate "2009.06.20"]
[EventRounds "9"]
[EventCountry "POL"]

1. d4 g6 2. c4 Bg7 3. e4 c5 4. d5 d6 5. Be2 e5 6. Nc3 Ne7 7. Nf3 O-O 8. Rb1 a5
9. O-O Na6 10. a3 f5 11. exf5 Nxf5 12. Nb5 h6 13. Nd2 Nc7 14. Nxc7 Qxc7 15. Ne4
Nd4 16. Bd3 Bf5 17. Be3 b6 18. b4 axb4 19. axb4 Ra3 20. bxc5 bxc5 21. Bxd4 exd4
22. Rb3 Rxb3 23. Qxb3 Rb8 24. Qc2 Qb6 25. Rb1 Qxb1+ 26. Qxb1 Rxb1+ 27. Bxb1 Kf8
28. Kf1 Ke7 29. Ke2 Be5 30. g3 g5 31. Bd3 Bg4+ 32. f3 Bd7 33. Nf2 Kf7 34. Bc2
Bc8 35. Nd3 Ba6 36. Nxe5+ dxe5 37. Kd3 Kf6 38. Ba4 Ke7 39. Bc6 Kd6 40. Be8 e4+
41. fxe4 Bc8 42. Bh5 Bh3 43. Ke2 Bd7 44. Bf3 Ke5 45. Kd3 Bh3 46. Ke2 Bd7 47.
Kd2 Bc8 48. Kc2 Bd7 49. Kb3 Kd6 50. Be2 Ke5 51. Bd3 Kd6 52. Kc2 Ke5 53. Kd2 Bg4
54. Ke1 Bh3 55. Kf2 Bg4 56. Kg2 Bd1 57. h3 Ba4 58. Kf2 Bd7 59. Kg2 Ba4 60. Kf3
Bd1+ 61. Kf2 Ba4 62. Kg2 Bd7 63. Bc2 Kd6 64. g4 Ke5 65. Kf3 Kd6 66. Kf2 $11
1/2-1/2

[Event "ch-city"]
[Site "Milanowek"]
[Date "2009.06.28"]
[Round "9.7"]
[White "Grochulski, Grzegorz"]
[Black "Wyszomirski, Krzysztof"]
[Result "1-0"]
[WhiteElo "1949"]
[BlackElo "1683"]
[PlyCount "51"]
[EventDate "2009.06.20"]
[EventRounds "9"]
[EventCountry "POL"]

1. e4 c5 2. Nf3 Nc6 3. d4 cxd4 4. Nxd4 e6 5. Nc3 a6 6. Be3 Nge7 7. Nb3 Ng6 8.
Qd2 Be7 9. a4 O-O 10. Be2 b6 11. O-O Qc7 12. f4 f6 13. a5 Nxa5 14. Nxa5 bxa5
15. Nd5 Qc6 16. Nxe7+ Nxe7 17. Rxa5 Rb8 18. b3 Qxe4 19. Bf3 Qg6 20. Qd6 Nf5 21.
Rxf5 Qxf5 22. Qxb8 Qxc2 23. Rc1 Qd3 24. Kf2 Qb5 25. Qa8 Qxb3 26. Rxc8 1-0

[Event "ch-city"]
[Site "Milanowek"]
[Date "2009.06.28"]
[Round "9.8"]
[White "Ponceleusz, Bronislaw"]
[Black "Kowalska, Elzbieta"]
[Result "1/2-1/2"]
[WhiteElo "1965"]
[BlackElo "1910"]
[PlyCount "40"]
[EventDate "2009.06.20"]
[EventRounds "9"]
[EventCountry "POL"]

1. d4 Nf6 2. Nf3 g6 3. c4 Bg7 4. Nc3 O-O 5. e4 d6 6. Be2 c6 7. O-O Nbd7 8. Qc2
e5 9. Rd1 Qe7 10. Be3 Re8 11. d5 c5 12. Ne1 Nf8 13. h3 h6 14. a3 g5 15. b4 b6
16. bxc5 bxc5 17. Rab1 Ng6 18. Rb3 g4 19. Bf1 gxh3 20. gxh3 Nf4 1/2-1/2

[Event "ch-city"]
[Site "Milanowek"]
[Date "2009.06.28"]
[Round "9.10"]
[White "Wieclawska, Katarzyna"]
[Black "Szymczak, Rafal"]
[Result "0-1"]
[WhiteElo "1588"]
[BlackElo "2025"]
[PlyCount "68"]
[EventDate "2009.06.20"]
[EventRounds "9"]
[EventCountry "POL"]

1. d4 f5 2. c4 g6 3. Nc3 Nf6 4. Nf3 Bg7 5. Bg5 d6 6. e3 Nc6 7. d5 Ne5 8. Nxe5
dxe5 9. Bxf6 Bxf6 10. e4 e6 11. Be2 exd5 12. Qxd5 c6 13. Qxd8+ Kxd8 14. Rd1+
Kc7 15. c5 Be7 16. b4 a5 17. a3 axb4 18. axb4 b6 19. cxb6+ Kxb6 20. b5 Bb4 21.
Rc1 Ra3 22. O-O Bxc3 23. bxc6 Kxc6 24. exf5 gxf5 25. Rfd1 e4 26. f3 Be6 27.
fxe4 fxe4 28. Rf1 Kd6 29. Rcd1+ Ke5 30. g4 Ra2 31. Bb5 Bxg4 32. Rc1 Bd4+ 33.
Kh1 Bh3 34. Rfe1 Bg2# 0-1

[Event "ch-city"]
[Site "Milanowek"]
[Date "2009.06.28"]
[Round "9.11"]
[White "Borowicz, Miroslaw"]
[Black "Kowalewska, Agata"]
[Result "1-0"]
[WhiteElo "1858"]
[BlackElo "1647"]
[PlyCount "231"]
[EventDate "2009.06.20"]
[EventRounds "9"]
[EventCountry "POL"]

1. d4 d5 2. c4 Nc6 3. cxd5 Qxd5 4. Nf3 Bg4 5. Nc3 Qa5 6. e3 e6 7. Be2 Bb4 8.
Qc2 Nf6 9. Bd2 Bxc3 10. Bxc3 Qd5 11. O-O Ne4 12. a3 Qf5 13. h3 Bxh3 14. gxh3
Ng3 15. Bd3 Qxf3 16. fxg3 Qxg3+ 17. Kh1 Qxh3+ 18. Qh2 Qxe3 19. Bb5 Qe4+ 20. Qg2
Qxg2+ 21. Kxg2 h5 22. d5 exd5 23. Rae1+ Kf8 24. Bxc6 bxc6 25. Bb4+ Kg8 26. Re7
a5 27. Bc5 f6 28. Rxc7 Rb8 29. Bd4 Rh6 30. Rxc6 Re8 31. Rf5 h4 32. Kh3 Re1 33.
Rxd5 Rg6 34. Rc2 Rd1 35. Rd8+ Kh7 36. Bb6 Rh1+ 37. Rh2 Rg3+ 38. Kxh4 Rxh2+ 39.
Kxg3 Rxb2 40. Bxa5 Rb3+ 41. Kg4 Rxa3 42. Bd2 Ra6 43. Rd3 Ra4+ 44. Kf5 Rh4 45.
Rd7 Rc4 46. Be3 Rc6 47. Bd4 Ra6 48. Bc3 Rc6 49. Bb4 Rc8 50. Be7 Kh6 51. Bd6 Re8
52. Bf4+ Kh7 53. Rd1 Rh8 54. Ke6 Rf8 55. Bd6 Ra8 56. Kf7 Ra7+ 57. Be7 Kh6 58.
Rg1 Rb7 59. Rh1+ Kg5 60. Rh7 g6 61. Rh1 Ra7 62. Rg1+ Kf5 63. Rf1+ Ke5 64. Re1+
Kf5 65. Rf1+ Ke5 66. Rxf6 g5 67. Rg6 Kf4 68. Rf6+ Ke5 69. Rf1 g4 70. Kf8 Ke4
71. Bg5 g3 72. Rf4+ Ke5 73. Rg4 Ra3 74. Bh4 Kf5 75. Rg5+ Kf4 76. Kg7 Ra7+ 77.
Kg6 Ra6+ 78. Kh5 Ra3 79. Rg4+ Kf5 80. Bxg3 Ra8 81. Rf4+ Ke6 82. Kg4 Ra5 83. Bh4
Rb5 84. Re4+ Re5 85. Ra4 Rb5 86. Bg3 Kd5 87. Kf5 Kc5 88. Ke5 Rb4 89. Ra2 Rb3
90. Rc2+ Kb5 91. Bf2 Ka4 92. Bc5 Kb5 93. Kd5 Rb1 94. Bd4 Rb3 95. Rc8 Rb4 96.
Bc3 Rb3 97. Rc5+ Kb6 98. Kd6 Rb5 99. Rc6+ Kb7 100. Bd4 Rb4 101. Rc7+ Kb8 102.
Bc5 Rb7 103. Rc6 Rb1 104. Ra6 Rb7 105. Ra2 Kc8 106. Ra8+ Rb8 107. Ra6 Rb7 108.
Bb6 Rb8 109. Kc6 Rb7 110. Ra8+ Rb8 111. Ra7 Rb7 112. Ra1 Kb8 113. Rh1 Ka8 114.
Rh2 Rc7+ 115. Bxc7 Ka7 116. Ra2# 1-0

[Event "ch-city"]
[Site "Milanowek"]
[Date "2009.06.28"]
[Round "9.12"]
[White "Kowalik, Pawel"]
[Black "Tulwin, Michal"]
[Result "0-1"]
[WhiteElo "1846"]
[BlackElo "1808"]
[PlyCount "92"]
[EventDate "2009.06.20"]
[EventRounds "9"]
[EventCountry "POL"]

1. d4 f5 2. e4 fxe4 3. Nc3 Nf6 4. Bg5 g6 5. Bxf6 exf6 6. Nxe4 Bg7 7. Qd2 d5 8.
Ng3 O-O 9. O-O-O Be6 10. Bd3 Nd7 11. Qe3 Re8 12. f3 f5 13. f4 c5 14. c3 cxd4
15. cxd4 Qb6 16. Nf3 Nc5 17. Ne5 Na4 18. Rd2 Rac8+ 19. Kb1 Bf8 20. Rc1 Bb4 21.
Rdc2 Bc3 22. Qe2 Bxd4 23. Bb5 Nxb2 24. Rxb2 Rxc1+ 25. Kxc1 Bxb2+ 26. Qxb2 Rc8+
27. Kd2 Qf2+ 28. Ne2 Qxg2 29. Bd7 Bxd7 30. Qxb7 Rc2+ 31. Kxc2 Qxe2+ 32. Kc3
Qe3+ 33. Kb2 Qd4+ 34. Kb1 Qg1+ 35. Kb2 Qxh2+ 36. Kb1 Qg1+ 37. Kb2 Qf2+ 38. Kb1
Qe1+ 39. Kb2 Qf2+ 40. Kc3 Qe3+ 41. Kb2 Qf2+ 42. Kc3 d4+ 43. Kc4 Be6+ 44. Kd3
Qe3+ 45. Kc2 Qe4+ 46. Qxe4 fxe4 0-1

[Event "ch-city"]
[Site "Milanowek"]
[Date "2009.08.28"]
[Round "9.13"]
[White "Jarmuzynska, Kamila"]
[Black "Zochowski, Wieslaw"]
[Result "1/2-1/2"]
[WhiteElo "1697"]
[BlackElo "1812"]
[PlyCount "68"]
[EventDate "2009.06.20"]
[EventRounds "9"]
[EventCountry "POL"]

1. d4 Nf6 2. c4 g6 3. Nc3 Bg7 4. e4 d6 5. f4 O-O 6. Be2 c5 7. d5 Na6 8. Nf3 Nc7
9. O-O a6 10. a4 Bd7 11. Qe1 b5 12. axb5 axb5 13. Rxa8 Qxa8 14. cxb5 Qb7 15.
Bc4 Nxb5 16. e5 Ne8 17. e6 fxe6 18. dxe6 Bc6 19. Bxb5 Bxb5 20. Nxb5 Qxb5 21.
Qh4 Nf6 22. g4 Qd3 23. Ng5 Qd4+ 24. Kg2 Qd5+ 25. Rf3 h6 26. Nf7 h5 27. g5 Qxe6
28. gxf6 exf6 29. Nxd6 Qxd6 30. f5 g5 31. Qxh5 Qc6 32. Bd2 $11 Qe8 33. Qxe8
Rxe8 34. Re3 Rxe3 $11 1/2-1/2

[Event "ch-city"]
[Site "Milanowek"]
[Date "2009.06.28"]
[Round "9.14"]
[White "Chmielewska, Joanna"]
[Black "Budrewicz, Henryk"]
[Result "1-0"]
[WhiteElo "1671"]
[BlackElo "1671"]
[PlyCount "117"]
[EventDate "2009.06.20"]
[EventRounds "9"]
[EventCountry "POL"]

1. e4 c5 2. Nf3 Nc6 3. Bb5 a6 4. Bxc6 bxc6 5. O-O d6 6. h3 Nf6 7. d3 g6 8. Re1
e5 9. Nbd2 Bg7 10. Nc4 O-O 11. Bd2 Rb8 12. Rb1 h6 13. c3 Be6 14. Qa4 Qd7 15. a3
Rb7 16. b4 Rfb8 17. Rbd1 Ne8 18. bxc5 dxc5 19. Nfxe5 Qc7 20. Nxc6 Bd7 21. Ne7+
Kh7 22. Qa5 Qxa5 23. Nxa5 Rb2 24. Nd5 Ba4 25. Bf4 R8b5 26. Nc4 R2b3 27. Rc1 g5
28. Be3 Nf6 29. Nc7 Rb7 30. Nxa6 Nd7 31. Na5 R7b5 32. Nxb3 Rxb3 33. Nxc5 Nxc5
34. Bxc5 Bxc3 35. Re2 Bb5 36. Rec2 Ba5 37. Bb4 Bb6 38. Rc3 Rb2 39. R1c2 Rb1+
40. Kh2 Bd4 41. Rc7 Kg6 42. Bc3 Bb6 43. Rc8 f6 44. Rb2 Rxb2 45. Bxb2 Bxd3 46.
Rc6 Bd8 47. e5 Bb5 48. Rd6 Be7 49. Rb6 Bc4 50. exf6 Bd8 51. Rc6 Bf7 52. g4 h5
53. f3 hxg4 54. hxg4 Ba5 55. Bc1 Be1 56. Kh3 Bd5 57. Rc5 Bxf3 58. Rxg5+ Kxf6
59. Rf5+ 1-0

[Event "ch-city"]
[Site "Milanowek"]
[Date "2009.06.28"]
[Round "9.15"]
[White "Rozycki, Wojciech"]
[Black "Paziewski, Marcin"]
[Result "0-1"]
[WhiteElo "1614"]
[BlackElo "1818"]
[PlyCount "44"]
[EventDate "2009.06.20"]
[EventRounds "9"]
[EventCountry "POL"]

1. e4 e6 2. d4 d5 3. Nc3 dxe4 4. Nxe4 Bd7 5. d5 exd5 6. Qxd5 Nc6 7. Ng5 Qe7+ 8.
Be3 Nf6 9. Qb3 h6 10. N5f3 Qb4+ 11. Nd2 Be6 12. Qxb4 Nxb4 13. Bb5+ c6 14. Ba4
b5 15. Bb3 Bxb3 16. Nxb3 Nxc2+ 17. Ke2 Nxa1 18. Nxa1 Nd5 19. Nc2 Nxe3 20. Nxe3
Bc5 21. Nf3 Bxe3 22. Kxe3 O-O 0-1